Toreo clásico contemporáneo / (Record no. 188699)

MARC details
000 -LEADER
campo de control de longitud fija 00933nam a2200277 i 4500
001 - NÚMERO DE CONTROL
campo de control 188699
003 - IDENTIFICADOR DE NÚMERO DE CONTROL
campo de control SpMaBN
005 - FECHA Y HORA DE LA ÚLTIMA TRANSACCIÓN
campo de control 20231223104107.0
008 - DATOS DE LONGITUD FIJA--INFORMACIÓN GENERAL
campo de control de longitud fija 190204s2018 cc a |||| | spa d
020 ## - NÚMERO INTERNACIONAL ESTÁNDAR DEL LIBRO
Número Internacional Estándar del Libro 978-986-94951-6-5
080 ## - NÚMERO DE LA CLASIFICACIÓN DECIMAL UNIVERSAL
Número de la Clasificación Decimal Universal 791.862
100 1# - ENTRADA PRINCIPAL--NOMBRE DE PERSONA
Nombre de persona Campos Cañizares, José.
9 (RLIN) 138349
245 10 - MENCIÓN DEL TÍTULO
Título Toreo clásico contemporáneo /
Mención de responsabilidad, etc. José Campos Cañizares.
250 ## - MENCION DE EDICION
Mención de edición 1ª ed.
260 ## - PUBLICACIÓN, DISTRIBUCIÓN, ETC.
Lugar de publicación, distribución, etc. Taichung, Taiwán :
Nombre del editor, distribuidor, etc. Catay,
Fecha de publicación, distribución, etc. 2018.
300 ## - DESCRIPCIÓN FÍSICA
Extensión 646 p. :
Otras características físicas il. col. y n. ;
Dimensiones 24 cm.
490 1# - MENCIÓN DE SERIE
Mención de serie Orígenes ;
Designación de volumen o secuencia n. 3
500 ## - NOTA GENERAL
Nota general Índices.
504 ## - NOTA DE BIBLIOGRAFÍA, ETC.
Nota de bibliografía, etc. Bibliografía: p. 611-646.
650 07 - PUNTO DE ACCESO ADICIONAL DE MATERIA--TÉRMINO DE MATERIA
Término de materia o nombre geográfico como elemento de entrada Tauromaquia.
9 (RLIN) 17288
830 0# - PUNTO DE ACCESO ADICIONAL DE SERIE-TÍTULO UNIFORME
Título uniforme Orígenes ;
Designación de volumen o secuencia n. 3
9 (RLIN) 192810
852 ## - LOCALIZACIÓN
Ubicación ES-MaACL
Número de control de estantería A-14306
itemnumber 195832
Sublocalización o colección R.152322
Ubicación en estantería Depósito 1
Signatura antigua Olim: N-7306
Anotaciones manuscritas Dedicatoria autógrafa del autor
Donativo/Legado Donación: José Campos Cañizares
903 ## - NOMBRE PERSONAL DE DONANTE
9 138349
a Campos Cañizares, José
e Donante
942 ## - ELEMENTOS DE ENTRADA SECUNDARIOS (KOHA)
Fuente del sistema de clasificación o colocación Clasificación decimal universal
Tipo de ítem Koha Libro impreso
Holdings
Estatus retirado Estado de pérdida Fuente del sistema de clasificación o colocación Estado de daño No para préstamo Colección Biblioteca de origen Biblioteca actual Ubicación en estantería Fecha de adquisición Fuente de adquisición Total de préstamos Signatura topográfica completa Código de barras Visto por última vez Precio de reemplazo Tipo de ítem Koha Nota pública
    Clasificación decimal universal     Libros con dedicatorias Biblioteca del Ateneo de Madrid Biblioteca del Ateneo de Madrid Depósito 1 04/02/2019 Donación   A-14306 1199790 23/02/2023 23/02/2023 Libro impreso Dedicatoria autógrafa del autor